00440 2200157 4500245004600000020002200046250001000068100002000078700002200098005001900120260007600139041001400215084001000229300003400239336000900273 aSagu Pertama MariacKhasnau SaifirahText a978-623-118-702-4 aCet.1 aKhasnau Saifira aFelia Febriany G. a20240926092636 aJakartabKementerian Pendidikan, Kebudayaan, Riset, dan Teknologic2023 aIndonesia a741.5 aiv, 36 hlm :b21 x 29,7 cm. ; atext